00350nam a2200109Ia 4500082001600000245003200016100004400048942000700092008004100099999001900140952008100159 aNDE KF MAHL 0aIdarada yokuneka izambatho  a Naidoo, Ansu Centurion, 2012 928259 cBK210817s9999 xx 000 0 und d c106866d106866 00104070d2021-08-17g139.00l0p3322810085874r2021-08-17w2021-08-17yBK